00477nam a2200145Ia 4500008004100000041000800041082001200049100001800061245002400079260003000103300002400133365001100157999001700168952014600185240624s9999 xx 000 0 und d aeng a823 WOD aWODEHOUSE P G aMUCH OBLIGED JEEVES c2008aLondonbArrow Books a203 : p. : cm. ; 19 cRSb20 c16224d16224 00104070aIMTNbIMTNcRack 41-Ad2010-12-16eWBDg225.00l1o823 WODp16224q2026-01-18r2026-01-08 17:19:32s2026-01-08t1w2024-06-24yBK